Captain Planet Character Names Quiz Stats

 Plays Quiz not verified by Sporcle

Score 0/16 Timer 10:00
0 Plays Today
Type of Character The Character % Correct
Title CharacterCaptain Planet
97.8%
PlaneteerWheeler
80%
Earth SpiritGaia
78.4%
PlaneteerLinka
74.6%
PlaneteerGi
71.9%
PlaneteerMa-Ti
70.8%
PlaneteerKwame
70.3%
Eco VillianHoggish Greedly
58.4%
Type of Character The Character % Correct
Evil Alter Ego/ CloneCaptain Pollution
55.1%
Eco VillianDuke Nukem
52.4%
Eco VillianLooten Plunder
51.4%
Eco VillianDr. Blight
49.7%
Eco VillianSly Sludge
45.9%
Eco VillianVerminous Skumm
38.4%
Eco VillianZarm
34.6%
Eco VillianMame Slaughter
17.3%

You're not logged in!

Compare scores with friends on all Sporcle quizzes.
OR
Log In

Show Comments

Extras

Top Quizzes Today


Score Distribution

Your Account Isn't Verified!

In order to create a playlist on Sporcle, you need to verify the email address you used during registration. Go to your Sporcle Settings to finish the process.

Report this User

Report this user for behavior that violates our Community Guidelines.

Details: